| 000 | 00893nam a2200277 i 4500 | ||
|---|---|---|---|
| 001 | bg | ||
| 003 | BPK | ||
| 005 | 20220728132541.0 | ||
| 008 | s1999 pl f |000 0 pol | ||
| 020 | _a8387666238 | ||
| 040 | _cBPK | ||
| 041 | 0 | _apol | |
| 080 | _a005.91 | ||
| 080 | _a(07) | ||
| 100 | 1 |
_aWiśniewska, Mirosława. _eAutor |
|
| 245 | 0 | 0 |
_aTechnika biurowa : _bpodręcznik / _cMirosława Wiśniewska. |
| 250 | _aWyd. 7. | ||
| 260 |
_aPoznań : _bOficyna Edukacyjna Wydawnictwa eMPi², _c1999. |
||
| 300 |
_a153 s. : _brys., fot. ; _c24 cm. |
||
| 490 | 1 | _aMateriały i Podręczniki Mariana Pietraszewskiego | |
| 655 | 4 | _aPodręcznik | |
| 650 | 4 | _aBiurowość | |
| 856 |
_uhttp://koha.tu.koszalin.pl/cgi-bin/koha/opac-detail.pl?biblionumber=53546 _yKatalog online BPK |
||
| 830 | 0 | _aMateriały i Podręczniki Mariana Pietraszewskiego | |
| 942 |
_cKS _2UKD |
||
| 999 |
_c53546 _d53546 |
||